书目信息 |
| 题名: |
建设工程技术与计量
|
|
| 作者: | 杨志生 主编 | |
| 分册: | ||
| 出版信息: | 北京 中国计划出版社 2003.06 |
|
| 页数: | 578页 | |
| 开本: | 24cm | |
| 丛书名: | ||
| 单 册: | ||
| 中图分类: | TU74 | |
| 科图分类: | ||
| 主题词: | 建筑工程--工程施工--技术 | |
| 电子资源: | ||
| ISBN: | 7-80177-203-2 | |
| 000 | 00890 nam 000265 | |
| 001 | 616394 | |
| 005 | 20100814150752.21 | |
| 010 | @a7-80177-203-2@dCNY66.00 | |
| 100 | @a20100515d1997 em y0chiy0121 ea | |
| 101 | @achi | |
| 102 | @aCN@b110000 | |
| 105 | @ay z 000yy | |
| 200 | 10 | @a建设工程技术与计量@Ajian she gong cheng ji shu yu ji liang@e安装工程部分@f杨志生主编@Fyang zhi sheng zhu bian |
| 205 | @a第3版 | |
| 210 | @a北京@c中国计划出版社@d2003.06 | |
| 215 | @a578页@d24cm | |
| 300 | @a全国造价工程师执业资格考试培训教材 | |
| 330 | @a本书讲述了安装工程的基础知识,施工技术基础知识,通用安装工程,管道工程,工业管道、静置设备及工艺金属结构安装工程等内容。 | |
| 517 | 1 | @a安装工程部分 |
| 540 | @a建设工程技术与计量 | |
| 606 | 0 | @a建筑工程@x工程施工@x技术 |
| 690 | @aTU74@v4 | |
| 701 | 0 | @a杨志生@Ayang zhi sheng@4主编 |
| 801 | @aCN@c20100515 | |
| 905 | @dTU74@eY330=3@f3 | |
| 建设工程技术与计量:安装工程部分/杨志生主编.-第3版.-北京:中国计划出版社,2003.06 |
| 578页;24cm |
| 全国造价工程师执业资格考试培训教材 |
| ISBN 7-80177-203-2:CNY66.00 |
| 本书讲述了安装工程的基础知识,施工技术基础知识,通用安装工程,管道工程,工业管道、静置设备及工艺金属结构安装工程等内容。 |
| ● |
| 相关链接 |
|
|
|
正题名:建设工程技术与计量
索取号:TU74/Y330=3
 
预约/预借
| 序号 | 登录号 | 条形码 | 馆藏地/架位号 | 状态 | 备注 |
| 1 | 1029076 | 210290763 | 建筑库201/201建筑库 108排2列4层/ [索取号:TU74/Y330=3] | 在馆 | |
| 2 | 1029077 | 210290772 | 建筑库201/201建筑库 108排2列4层/ [索取号:TU74/Y330=3] | 在馆 | |
| 3 | 1029078 | 210290781 | 建筑库201/201建筑库 108排2列4层/ [索取号:TU74/Y330=3] | 在馆 |